000 00470 a2200193 4500
001 140258
040 _cLeonardo Da Vinci
041 _aPortuguês
082 _a840 M532ca
_bM532ca
100 _aMÉRIMÉE, Prosper
245 _aCarmen
260 _bBrasiliense
_c1986
_aSão Paulo
300 _a101
362 _a19860000
490 _aCantadas literárias
500 _aRosaura Eichenberg (Tradução)
697 _aLiteratura
_aRomance
_aFrança
942 _cBK
999 _c140258
_d140258